Score 0/181 Timer 20:00
0 Plays Today
. % Correct
???
98.2%
???
96.4%
Super Junior???
96.2%
EXO???
96.2%
???
95.9%
???
95.7%
???
95.4%
???
95.2%
???
94.9%
???
94.9%
???
94.9%
???
94.4%
???
94.1%
???
94.1%
???
94.1%
???
93.4%
???
92.9%
???
92.4%
???
92.4%
SHINee???
92.1%
???
91.9%
???
91.9%
???
91.6%
Big Bang???
91.6%
???
91.6%
???
91.6%
???
91.3%
???
91.3%
???
91.1%
???
91.1%
???
91.1%
???
91.1%
???
91.1%
???
90.8%
???
90.8%
???
90.6%
???
90.6%
???
90.3%
Block B???
90.3%
???
90.3%
???
89.3%
???
89.3%
???
88.8%
???
88.8%
???
88.8%
???
88.5%
???
88.5%
???
88.3%
Infinite???
87.8%
Teen Top???
87.3%
???
87.3%
???
87%
???
86.8%
???
86.5%
???
86.3%
???
86.3%
???
86.3%
???
86%
???
85.8%
???
85.5%
???
85.5%
. % Correct
???
85.5%
???
85.5%
???
85.5%
???
85.5%
???
85.2%
???
85.2%
B.A.P???
85.2%
???
85.2%
???
85%
???
85%
BTS???
84.2%
???
84.2%
???
84.2%
???
84.2%
???
84%
???
84%
???
83.7%
???
83.2%
JJ Project???
83.2%
???
83.2%
???
83%
???
83%
???
83%
???
82.7%
???
82.7%
JYJ???
82.4%
TVXQ!???
82.4%
MBLAQ???
82.2%
???
82.2%
???
81.9%
???
81.9%
???
81.9%
???
81.4%
???
81.4%
2PM???
81.4%
CN BLUE???
81.4%
???
80.9%
???
80.9%
???
80.7%
???
80.7%
???
80.7%
100%???
80.7%
???
80.2%
VIXX???
80.2%
???
79.9%
BTOB???
79.9%
???
79.9%
???
79.9%
???
79.6%
???
79.6%
???
79.4%
???
79.1%
B1A4???
79.1%
???
78.9%
???
78.6%
???
78.6%
???
78.6%
???
78.1%
???
78.1%
???
77.9%
???
77.6%
. % Correct
???
77.4%
???
76.8%
???
76.8%
NU'EST???
76.6%
???
76.3%
???
76.3%
2AM???
75.8%
???
75.1%
???
74.8%
U-Kiss???
74.6%
???
74.3%
???
74.3%
???
74%
???
74%
???
73.5%
Shinhwa???
72.5%
ZE:A???
71.5%
???
71.2%
???
65.4%
Boyfriend???
64.4%
SS501???
64.4%
???
64.1%
???
63.9%
F.T Island???
63.4%
???
62.6%
C-CLOWN???
59.5%
???
57.8%
???
57.5%
???
56.5%
???
52.9%
???
52.2%
LED Apple???
51.4%
???
50.6%
???
50.1%
???
48.9%
???
48.1%
???
46.6%
???
45.8%
???
44.5%
???
44%
???
43.5%
???
42.5%
???
41.5%
???
41%
???
39.7%
???
38.9%
???
38.7%
???
38.2%
???
37.7%
???
36.6%
???
36.6%
???
34.1%
???
33.6%
???
28.2%
???
27.5%
???
23.9%
???
23.4%
B2ST???
18.8%
???
0.5%
Remove Ads.
Support Sporcle.
Get the best of Sporcle when you Go Orange. This ad-free experience offers more features, more stats, and more fun while also helping to support Sporcle. Thank you for becoming a member.

You're not logged in!

Compare scores with friends on all Sporcle quizzes.
OR
Log In

Show Comments

Extras

Created Sep 16, 2013ReportNominate
Tags:Kpop Quiz, group, Updated

Top Quizzes Today


Score Distribution

Your Account Isn't Verified!

In order to create a playlist on Sporcle, you need to verify the email address you used during registration. Go to your Sporcle Settings to finish the process.

Report this User

Report this user for behavior that violates our Community Guidelines.

Details: